Practical Pharmaceutical Chemistry (Record no. 5895)
[ view plain ]
| 000 -LEADER | |
|---|---|
| fixed length control field | 00558nam a22002057a 4500 |
| 003 - CONTROL NUMBER IDENTIFIER | |
| control field | OSt |
| 005 - DATE AND TIME OF LATEST TRANSACTION | |
| control field | 20190905155827.0 |
| 008 - FIXED-LENGTH DATA ELEMENTS--GENERAL INFORMATION | |
| fixed length control field | 171129b xxu||||| |||| 00| 0 eng d |
| 020 ## - INTERNATIONAL STANDARD BOOK NUMBER | |
| International Standard Book Number | 8123905149 |
| 040 ## - CATALOGING SOURCE | |
| Transcribing agency | DDC |
| 050 ## - LIBRARY OF CONGRESS CALL NUMBER | |
| Item number | QV744 P881b 1997 |
| 100 ## - MAIN ENTRY--PERSONAL NAME | |
| Personal name | Edited by Beckett, A.H.; Stenlake, J.B. |
| 9 (RLIN) | 12271 |
| 245 ## - TITLE STATEMENT | |
| Title | Practical Pharmaceutical Chemistry |
| 250 ## - EDITION STATEMENT | |
| Edition statement | 4th ed. Part II |
| 260 ## - PUBLICATION, DISTRIBUTION, ETC. (IMPRINT) | |
| Place of publication, distribution, etc. | Delhi; |
| Name of publisher, distributor, etc. | CBS Publishers, |
| Date of publication, distribution, etc. | 1997 |
| 300 ## - PHYSICAL DESCRIPTION | |
| Extent | 602p; ill: 22cm |
| 504 ## - BIBLIOGRAPHY, ETC. NOTE | |
| Bibliography, etc | Index included |
| 650 ## - SUBJECT ADDED ENTRY--TOPICAL TERM | |
| Topical term or geographic name as entry element | Pharmaceutical Chemistry |
| 9 (RLIN) | 283 |
| 942 ## - ADDED ENTRY ELEMENTS (KOHA) | |
| Source of classification or shelving scheme | Other/Generic Classification Scheme |
| Koha item type | Short Loan |
| Withdrawn status | Lost status | Source of classification or shelving scheme | Damaged status | Not for loan | Home library | Current library | Date acquired | Source of acquisition | Inventory number | Total Checkouts | Full call number | Barcode | Date last seen | Koha item type |
|---|---|---|---|---|---|---|---|---|---|---|---|---|---|---|
| Other/Generic Classification Scheme | Pharmacy Department Library | Pharmacy Department Library | 29/11/2017 | 17/40380 | QV744 P881b 1997 | 2017-0936 | 29/11/2017 | Short Loan | ||||||
| Other/Generic Classification Scheme | Pharmacy Department Library | Pharmacy Department Library | 29/11/2017 | Purchase | 17/40381 | QV744 P881b 1997 | 2017-0937 | 29/11/2017 | Short Loan |
